000 01148nas a2200289 4500
001 BR2012005111
003 BR-BrBNA
005 20231205120838.0
007 ta
008 230509b bl.|||p| |||| 00| 00por d
040 _aBR-BrBNA
_bpor
_cBiblioteca Nacional de Agricultura
041 _a(En)
072 _aL72
100 1 _aHarvey, J.A.
100 1 _aHamilton, J.G.C.
100 1 _aWard, R.D.
245 1 _aPresence of the fire ant Solenopsis invicta (Westwood)(Hymenoptera: Formicidae)stimulates burrowing behavior by larvae of the sandfly Lutzomyia longipalpis (Lutz Neiva)(Diptera: Psychodidae)
246 1 _aPresence of the fire ant Solenopsis invicta (Westwood)(Hymenoptera: Formicidae)stimulates burrowing behavior by larvae of the sandfly Lutzomyia longipalpis (Lutz Neiva)(Diptera: Psychodidae)
650 _aINSETO
650 _aPRAGA DE ANIMAL
650 _aVETOR
650 _aTRANSMISSÃO DE DOENÇA
650 _aLEISHMANIOSE
773 0 _tNeotropical Entomology (Brazil)
_xISSN 1519-566X
_g(Jan-Feb 2010), v. 39(1) p. 137-139
_wBR2012005111
909 _a202311
_bLúcia
_c55
_dLúcia Elande
942 _2AGRIS
_n0
_cANA
999 _c220612
_d220612